| 000 | 00888nam a2200241 a 4500 | ||
|---|---|---|---|
| 001 | 000016569 | ||
| 005 | 20200929164929.0 | ||
| 008 | 100308s1978 dr ad 000 0 spa d | ||
| 040 |
_aDO-SdBNP _bspa _cBNPHU |
||
| 082 |
_a613.2 _bS623a |
||
| 245 | 0 | 0 |
_aSituación alimentaria y nutricional en la República Dominicana / _cpresentación Pedro J. Bona P. |
| 260 |
_aSanto Domingo : _bONE, _c1978. |
||
| 300 |
_a223 p. : _bil., gráf. ; _c23 cm. |
||
| 490 | 1 |
_aPlandes _v37 |
|
| 504 | _aBibliografía : p. 221-223 | ||
| 590 | _aInventariado, 2018/LP | ||
| 650 | 4 |
_aNutrición _zRepública Dominicana _910112 |
|
| 650 | 4 |
_aAlimentos _zRepública Dominicana _936838 |
|
| 700 | 1 | 2 |
_aBona P., Pedro J. _936839 |
| 710 | 1 |
_aRepública Dominicana. _bSecretariado Técnico. Oficina Nacional de Planificación. _936840 |
|
| 830 | 0 |
_aPlandes ; _n37 _936841 |
|
| 910 | _aValidado. Control de calidad MFF | ||
| 999 |
_c16102 _d16102 |
||